| 000 | 01196nam a2200253Ia 4500 | ||
|---|---|---|---|
| 003 | Ost | ||
| 005 | 20260507075109.0 | ||
| 008 | 260507s9999||||xx |||||||||||||| ||und|| | ||
| 040 | _cfsecg | ||
| 041 | _aara | ||
| 082 | _a330 | ||
| 100 | _eمؤلف | ||
| 245 | 0 | _aمعاهد ومدارس الادارة العربية والتحديات المستقبلية / | |
| 260 |
_aالقاهرة: _bم.ع. للتنمية الادارية, _c1997 |
||
| 300 |
_a428 صفحة؛ _c24 سم |
||
| 490 | _aسلسلة ندوات ومؤتمرات 2 | ||
| 520 | _aهذ الكتاب عبارة عن ندوات ومؤتمرات المنظمة العربية للتنمية الإدارية ووثائق اجتماع << افاق مستحدثة وتحديات جديدة لادوار وممارسات معاهد ومدارس وكليات الإدارة في البلاد العربية تونس 27-28 ديسمبر 1995 | ||
| 653 | _aادارة عامة | ||
| 653 | _aأعمال المؤتمرات | ||
| 653 | _aبلاد عربية | ||
| 653 | _aتحديات مستقبلية - مدارس ادارة العربية مؤسسات تنمية ادارية | ||
| 653 | _aمعاهد | ||
| 942 | _cكتاب | ||
| 999 |
_c42848 _d42848 |
||